000 01004cad a22002655a 4500
001 E151826
008 101213s2010 xxk f 100 0 eng d
020 _a9781842196199
035 _a(Sirsi) u151826
041 0 _aeng
100 1 _aSeneviratne, Krisanthi
111 2 _aConstruction and Building Research Conference
_cDauphine Universite, Paris
_d2-3 September 2010
245 0 0 _aIdentification of disaster knowledge factors
_bpreliminary findings
_h[electronic resource]
260 _aLondon
_bRICS
_c2010
520 _aA paper presented at the COBRA Conference in Paris on 2-3 September 2010.
590 _aKA
650 2 4 _aCONSTRUCTION AND BUILDING RESEARCH CONFERENCE (COBRA)
651 4 _aInternational
690 _aConstruction management
_96230
700 1 _aAmaratunga, Dilanthi
700 1 _aHaigh, Richard
700 1 _aPathirage, Chaminda
856 4 0 _uhttps://www.rics.org/site/scripts/download_info.aspx?fileID=7830&categoryID=720
_zBroken link - not available
942 _n0
999 _c111651
_d111651